Word Scramble-Shapes - Statistics

General Stats
  • This quiz has been taken 116 times
  • The average score is 7 of 8
Answer Stats
word Answer % Correct
lecric Circle
100%
uareqs Square
99%
loav Oval
98%
letriagn Triangle
97%
elangretc Rectangle
96%
onghxe Hexagon
92%
nopnetga Pentagon
88%
nodmida Diamond
66%
No matching quizzes found
Score Distribution
Percent of People with Each Score
Percentile by Number Answered
Your Score History
You have not taken this quiz